书目信息 |
| 题名: |
运动解剖生理学
|
|
| 作者: | 王步标 主编 | |
| 分册: | ||
| 出版信息: | 北京 高等教育出版社 1995 |
|
| 页数: | 368页 | |
| 开本: | 20cm | |
| 丛书名: | ||
| 单 册: | ||
| 中图分类: | G804.2 , G804.4 | |
| 科图分类: | ||
| 主题词: | 运动生理--生理学 , 运动解剖--解剖学 | |
| 电子资源: | ||
| ISBN: | 7-04-004990-2 | |
| 000 | 00617nam0 2200217 450 | |
| 001 | 0736851124 | |
| 005 | 20070714101439.43 | |
| 010 | @a7-04-004990-2@dCNY10.00 | |
| 100 | @a20070709d1995 km y0chiy0120 ea | |
| 101 | 0 | @achi |
| 102 | @aCN@b110000 | |
| 200 | 1 | @a运动解剖生理学@Ayun dong jie pou sheng li xue@f王步标主编@Fwang bu biao zhu bian |
| 210 | @a北京@c高等教育出版社@d1995 | |
| 215 | @a368页@d20cm | |
| 606 | 0 | @a运动生理@x生理学 |
| 606 | 0 | @a运动解剖@x解剖学 |
| 690 | @aG804.2@v3 | |
| 690 | @aG804.4@v3 | |
| 701 | 0 | @a王步标@Awang bu biao@4主编 |
| 801 | 0 | @aCN@bPFT@c20070714 |
| 905 | @a10447@dG804.2@e283 | |
| 运动解剖生理学/王步标主编.-北京:高等教育出版社,1995 |
| 368页;20cm |
| ISBN 7-04-004990-2:CNY10.00 |
| ● |
| 相关链接 |
|
|
|
|
正题名:运动解剖生理学
索取号:G804.2/283
 
预约/预借
| 序号 | 登录号 | 条形码 | 馆藏地/架位号 | 状态 | 备注 |
| 1 | 0765913 | 207659130 | 密集书库/ [索取号:G804.2/283] | 在馆 | |
| 2 | 0765914 | 207659149 | 第一样本阅览室/ [索取号:G804.2/283] | 在馆 | |
| 3 | 0765915 | 207659158 | 密集书库/ [索取号:G804.2/283] | 在馆 |